| 000 | 00787nam a2200217Ia 4500 | ||
|---|---|---|---|
| 003 | OSt | ||
| 005 | 20250829151248.0 | ||
| 008 | 210210b2000 xxu||||| |||| 00| 0 eng d | ||
| 040 | _cAL | ||
| 041 | _aKannada | ||
| 082 | _a413 MAIM | ||
| 100 |
_aMAISURU VISHVAVIDYANILAYA _9124102 _dಮೈಸೂರು ವಿಶ್ವವಿದ್ಯಾನಿಲ |
||
| 245 |
_aMaisuru vishvavidyanilayada inglish-kannada nighantu. Volume 1. A-D _bಮೈಸೂರು ವಿಶ್ವವಿದ್ಯಾನಿಲಯದ ಇಂಗ್ಲೀಷ್ - ಕನ್ನಡ ನಿಘಂಟು : ಭಾಗ ೧ |
||
| 250 | _a2 | ||
| 260 |
_aMysuru. _bPrasaranga, Mysuru Vishwavidyalaya., _c2000 |
||
| 300 | _axxi,1608 | ||
| 440 |
_a1 _9124103 |
||
| 690 |
_aDictionaries _9124104 |
||
| 906 | _a057141 | ||
| 942 |
_2ddc _cBK |
||
| 999 |
_c104566 _d104566 |
||